000 00556cam a2200217ua 4500
001 11753
005 20260515114809.0
008 191101n ii |||gr||||Z||||||eng
020 _a9788180303593
040 _cMAIN
041 _aeng
082 _a510
100 _aVinod Kumar Pandey,
_eAuthor.
245 _aVedic arithmetics
_cBy Vinod Kumar Pandey and Purushottam Tiwari
250 _a1st ed.
260 _aNew Delhi:
_bCampus books,
_c2012.
300 _a238p.
653 _aMathematics
700 _aPurushottam Tiwari,
_eAuthor.
942 _cBK
999 _c10541
_d10541